000 00733nam a2200205 a 4500
001 001133252
003 AM-YeHGA
005 20250617152103.0
008 160303s1977 ||| r 000 0 rus d
040 _aAM-YeHGA
041 0 _arus
100 1 _aКолесников, Александр Георгиевич
245 1 0 _aВ.Ф. Раевский :
_bПолитическая и литературная деятельность.
260 _aРостов-на-Дону :
_bИзд-во Рост. ун-та,
_c1977.
300 _a188 с .
600 1 4 _aРаевский, Владимир Федосеевич
_d1795-1872
653 0 _aДекабристы
653 0 _aРусская литература
090 _c365628
999 _c363776
_d363776